000 00954nam a2200241 i 4500
001 bg
100 1 _aFRĄCKOWIAK, Ryszard
245 1 0 _aZastosowanie probabilistycznych modeli symulacyjnych do analizy i oceny zagrożeń urządzeń elektroenergetycznych spowodowanych przepływem prądu zwarciowego /
_cRyszard Frąckowiak.
260 _aPoznań :
_bWydaw. PP,
_c1998.
300 _a143, [1] s. :
_brys., wykr. ;
_c24 cm.
490 1 _aRozprawy / Politechnika Poznańska,
_x0551-6528 ;
_vNr 329
504 _aBibliogr. s. 133-143. - Streszcz., summ.
650 9 _aElektroenergetyka
_xurządzenia
650 9 _aZwarcia elektryczne
_xbadanie
650 9 _aSymulacja
_xstosowanie
_xelektroenergetyka
700 1 _aPOLITECHNIKA POZNAŃSKA (Poznań),.
_eInst. sprawcza
830 0 _aRozprawy (Politechnika Poznańska) ;
_vNr 329
040 _cBPK
041 0 _apl
_benpl
080 _a621.31
942 _cKS
008 s pl f |000 0 pol
999 _c32910
_d32910
856 _uhttp://koha.tu.koszalin.pl/cgi-bin/koha/opac-detail.pl?biblionumber=32910
_yKatalog online BPK